| 000 | 00731nam a22002417a 4500 | ||
|---|---|---|---|
| 003 | UA-OsUOA | ||
| 001 | 76402 | ||
| 007 | ta | ||
| 008 | 20110704b un ||||| |||| 00| 0 ukr d | ||
| 100 | _aЛевківський Б.К. | ||
| 090 |
_a347.96(075) _bЛ37 |
||
| 942 | _cBK | ||
| 040 |
_aUA-OsUOA _bukr _cUA-OsUOA _dUA-OsUOA |
||
| 245 |
_aЮридична етика та деонтологія _bнавчально-методичний посібник |
||
| 300 | _a126 с. | ||
| 955 | _a2 | ||
| 041 | _aukr | ||
| 080 | _a347.96(075) | ||
| 020 | _a978-966-97097-3-8 | ||
| 260 |
_aК. _bСПД Юсип'юк В.Д. _c2009 |
||
| 650 | 7 |
_a347 Цивільне право. Судовий устрій _2UDC |
|
| 999 |
_c362703 _d362703 |
||